Vedas & Upanishads For Children/ (Record no. 212999)

MARC details
000 -LEADER
fixed length control field 00573naa a2200193 4500
005 - DATE AND TIME OF LATEST TRANSACTION
control field 20250811160121.0
010 ## - LCCN (DPL NO)
LC control number ENG-146449
020 ## - INTERNATIONAL STANDARD BOOK NUMBER
Terms of availability 299.00
International Standard Book Number 9789355644602
035 ## - SYSTEM CONTROL NUMBER
System control number EN-129981
037 ## - SOURCE OF ACQUISITION
Source of stock number/acquisition DBAD
082 ## - DEWEY DECIMAL CLASSIFICATION NUMBER
Classification number 220.21
Edition number 1
100 ## - MAIN ENTRY--PERSONAL NAME
Personal name Agarwal, D.K.
245 ## - TITLE STATEMENT
Title Vedas & Upanishads For Children/
Statement of responsibility, etc by D.K. Agarwal
250 ## - EDITION STATEMENT
Edition statement 1
260 ## - PUBLICATION, DISTRIBUTION, ETC. (IMPRINT)
Place of publication, distribution, etc New Delhi
Name of publisher, distributor, etc Disha Publications
Date of publication, distribution, etc 2025
270 ## - ADDRESS
Address B-32, Shivalik Main Road, Malviya Nagar,
City New Delhi
Postal code 110017
300 ## - PHYSICAL DESCRIPTION
Extent 210p.
Dimensions 21cm (pb)
942 ## - ADDED ENTRY ELEMENTS (KOHA)
Institution code [OBSOLETE] dpl
Item type English Books
Source of classification or shelving scheme Dewey Decimal Classification
Classification part 220.21
Call number suffix AGA
Holdings
Withdrawn status Lost status Not for loan Collection code Home library Current library Date acquired Source of acquisition Cost, normal purchase price Full call number Barcode Copy number Cost, replacement price Koha item type
    Not For Loan Non-fiction Bawana Bawana 11/08/2025 Delivery of Books Act Division 299.00 220.21 AGA EN-129981 1 299.00 English Books

© Delhi Public Library
Hit Counter
free hit counter